000 01363 a2200229 4500
001 40354
005 20260407155657.0
008 260407a arg spa d
003 AR-UNSa-BCEJYS
040 _aAR-UNSa-BCEJYS
_bspa
_cAR-UNSa-BCEJYS
080 _a658.56
_xControl de la calidad. Control de herramientas y material
245 1 0 _aLas normas internacionales de aseguramiento de la calidad
_psu aplicación en la Argentina
020 _a950-43-6830-1
264 1 _aBahía Blanca :
_bUniversidad Nacional del Sur
300 _a107 p.
_c21 cm.
505 _a1. Introducción - 2. Qué es la ISO y cómo se generan sus normas - 3. Antecedentes de las normas ISO SERIE 9000 - 4. Qué es el sistema de la calidad - 5. Plan de acción - 6. El compromiso de la alta administración - 7. Auditorias del sistema de la calidad - 8. Certificación y registro de empresas con sistema de calidad asegurada - 9. Las normas ISO SERIE 9000 y su aplicación en la República Argentina - 10. Criterios para seleccionar el tipo de registro - 11. Criterios para seleccionar el ente certificante - 12. Procesos IRAM de solicitud y otorgamiento - 13. Situación y perspectiva del aseguramiento de la calidad en la Argentina
041 _aspa
942 _cBK
590 _aniveau_biblio:m niveau_hierar:0
100 1 _aCastagnet, Juan C.
700 1 _aCastañaga, Ricardo
999 _c3199
_d3199